00609nam a2200181Ia 4500001001000000003000500010008004100015010001100056040000900067082002000076100001700096245013400113260004600247300001100293440003200304650006100336700003000397Para_3639CHAP220125s1911 xx 000 0 und d a202249 cCHAP aPA 595.70973 H6 aHoward, L O aThe importation into the United states of the parasites of the gipsymoth and the browntai moth /c L. O. Howard, and W. F. Fiske aWashington :b Department of Agriculture a312 p. aEUA. Dep. of Agr. Bull.; 91 aEntomología x EUA. Quercus x Plagas Lepidópteros aFiske, W. F. GipsyxMoth